00999nam a2200193 a 4500003000900000005001700009007000300026008004100029040002500070082001400095110009600109245009900205260009600304300004300400505018400443600011100627650004900738700001800787DO-SdBNP20220830151014.0ta220830e20202022|||aaobgrz||| 001 0 spa d aDO-SdBNPbspacBNPHU 4222bR426c1 aRepública DominicanabMuseo Nacional de Historia Natural Prof, Eugenio de Jesús Marcano10aCarta compromiso al ciudadano:bvigencia: agosto 2020 - agosto 2022. /cPrólogo, Celeste Mir aSanto Domingo :bMuseo Nacional de Historia Natural prof. Eugenio de Jesús Marcano,c2022 a30 p. :bil., fotogr., mapas. c28 cm. t1. Información de carácter general y legal.--t2. Compromisos de calidad ofrecidos.--t3. Quejas, sugerencias y medidas de subsanación.--t4. Información complementaria.-- 4aMuseo Nacional de Historia Natural (República Dominicana)tCarta de Compromiso al Ciudadanoy2020 - 2022 4aServicios públicoszRepública Dominicana1 aMir , Celeste